| 000 | 00431nam a2200157Ia 4500 | ||
|---|---|---|---|
| 008 | 210210b1998 xxu||||| |||| 00| 0 eng d | ||
| 020 | _a81 7493 404 9 | ||
| 082 | _a658.15 SRIF | ||
| 100 | _aSRIVASTAVA (R M). | ||
| 245 | _aFinancial management and policy. | ||
| 260 |
_aDelhi _bHimalaya Publishing House _c1998 |
||
| 300 | _ax,822 | ||
| 650 | _aFinancial management policy | ||
| 690 | _aFinancial Management | ||
| 906 | _a054627 | ||
| 999 |
_c102597 _d102597 |
||